000 00561nam a2200193Ia 4500
003 GCL
008 140319s9999 xx 000 0 eng d
040 _aGCL /
_cGCL
082 0 4 _a808.04207
_bK S
100 1 _aKROLL, BARBARA
245 1 0 _aSECOND LANGUAGE WRITING: RESEARCH INSIGHTS FOR THE CLASSROOM /
_cKROLL, BARBARA
260 _a[S.N] :
_bCAMBRIDGE UNIVERSITY PRESS ،
_c1990
300 _a246 P
650 0 4 _aFOREIGN SPEAKERS
650 0 4 _aENGLISH LANGUAGE
650 0 4 _aSTUDY AND LEARNING
650 0 4 _aCOMPOSITION AND EXERCISE
942 _2ddc
_cBK
999 _c25210
_d25210